Skull- Sphenoid - Statistics

General Stats
  • This quiz has been taken 24 times
  • The average score is 3 of 5
Answer Stats
Hint Answer % Correct
2 Greater Wing
100%
5 Lesser Wing
100%
1 Pterygoid Process
67%
4 Dorsum Sellae
0%
3 Foramen Rotundum
0%
No matching quizzes found
Score Distribution
Percent of People with Each Score
Percentile by Number Answered
Your Score History
You have not taken this quiz